| 000 | 00736cam a2200253 4500 | ||
|---|---|---|---|
| 008 | 090401t1996 xxu||||| |||| 00| 0 eng d | ||
| 020 | _a0421553804 | ||
| 035 | _a(Sirsi) u24497 | ||
| 041 | _aeng | ||
| 050 | _a711.1 | ||
| 100 | _aGrant, Malcolm | ||
| 245 | _aPermitted development. | ||
| 250 | _a2nd ed. | ||
| 260 |
_aLondon _bSweet & Maxwell _c1996 |
||
| 300 | _axiii,337p. ; 25cm. | ||
| 350 | _a42 | ||
| 650 | _aTOWN AND COUNTRY PLANNING (GENERAL DEVELOPMENT PROCEDURE) ORDER 1995 | ||
| 650 | _aGENERAL PERMITTED DEVELOPMENT ORDER 1995 | ||
| 650 | _aPERMITTED DEVELOPMENT | ||
| 650 | _aTOWN AND COUNTRY PLANNING (USE CLASSES) ORDER 1987 | ||
| 690 | _aPLANNING LAW AND PRACTICE | ||
| 942 | _n0 | ||
| 948 | _c04/03/1997 | ||
| 999 |
_c88555 _d88555 |
||